000 00673nam a2200241Ia 4500
003 OSt
005 20220918215339.0
006 a|||||r|||| 00| 0
007 ta
008 220917b |||||||| |||| 00| 0 eng d
024 _a140,964
037 _cTextual
040 _aARTS
_cARTS
_beng
041 _2eng
_aeng
082 _aY.3.M30<-L75, M7
100 _aStafford William
245 0 _aSocialism, radicalism and nostaigia
_b social criticism in Britain, 1775-1830
260 _aCambridge
_bCUP
_c1987
300 _ax,304p.
_ccm.
650 _aSOCIOLOGY
942 _hY.3.M30<-L75, M7
_cTEXL
_2CC
999 _c263925
_d263925